| 000 | 00562nam a22001817a 4500 | ||
|---|---|---|---|
| 999 |
_c18550 _d18550 |
||
| 003 | AR-CdUCM | ||
| 008 | 190514b ||||| |||| 00| 0 spa d | ||
| 040 |
_aMUNICIPALIDAD PROVINCIAL DEL CUSCO _cBIBLIOTECA MUNICIPAL DEL CUSCO |
||
| 082 |
_a343.9 / _bA38 |
||
| 100 |
_aAlfaro Limaya, Javier _931041 |
||
| 245 | _aJurisprudencia municipal / | ||
| 260 |
_aLima : _bRAO, _c1999. |
||
| 300 |
_a2 tomos ; _c22 cm. |
||
| 505 | _aFuero común -- Acción de amparo -- Tribunal Fiscal... | ||
| 650 |
_aDerecho. _9739 |
||
| 942 |
_2ddc _cLIBROS |
||
| 945 |
_apjha _d2019-05-17 |
||